Normal view
MARC view
- DICTIONARY OF CURRENT ENGLISH ADVANCED LEARNER,S DICTIONARY OF CURRENT ENGLISH ENGLISH LANGUAGE DICTIONARY
Entry Topical Term
001 - CONTROL NUMBER
- control field: 57922
003 - CONTROL NUMBER IDENTIFIER
- control field: NUST
005 - DATE AND TIME OF LATEST TRANSACTION
- control field: 20210628202023.0
008 - FIXED-LENGTH DATA ELEMENTS
- fixed length control field: 210628|| aca||aabn | a|a d
040 ## - CATALOGING SOURCE
- Original cataloging agency: NUST
- Transcribing agency: NUST
150 ## - HEADING--TOPICAL TERM
- Topical term or geographic name entry element: DICTIONARY OF CURRENT ENGLISH ADVANCED LEARNER,S DICTIONARY OF CURRENT ENGLISH ENGLISH LANGUAGE DICTIONARY
670 ## - SOURCE DATA FOUND
- Source citation: Work cat.: (NUST): Hornby, A.S 33252, Oxford advanced learner,s dictionary of current english, 2000
